Η εποχή μας κι ο κλασικός κόσμος

Αποθηκεύτηκε σε:
Λεπτομέρειες βιβλιογραφικής εγγραφής
Κύριος συγγραφέας: Παπανικολάου, Κωνσταντίνος Ν.
Μορφή: Βιβλίο
Γλώσσα:Greek
Δημοσίευση: Αθήνα : [χ.ό.], [19--?]
Σειρά:Σειρά Πρώτη ; ; 4
Θέματα:
Ετικέτες: Προσθήκη ετικέτας
Δεν υπάρχουν, Καταχωρήστε ετικέτα πρώτοι!

MARC

LEADER 00000cam a2200000 i 4500
001 1/84169
008 050826q19601970 gre d
035 |l 10079957 
040 |a GR-MY-UA  |b gre  |e aacr 
041 0 |a gre 
082 0 |a 700.9  |2 (22) 
100 1 |a Παπανικολάου, Κωνσταντίνος Ν. 
245 1 2 |a Η εποχή μας κι ο κλασικός κόσμος /  |c Κ.Ν. Παπανικολάου 
260 |a Αθήνα :   |b [χ.ό.],   |c [19--?] 
300 |a 316 σ.;  |c 22 εκ. 
490 1 |a Σειρά Πρώτη  |v ; 4 
500 |a Δοκίμιο ιστορικής μύησης 
650 0 0 |a Art  |x History. 
650 0 0 |a Art, Classical. 
830 0 |a Σειρά Πρώτη ;  |v ; 4 
852 |a INST  |b RHODES  |c KRI  |e 20050826  |h  700.9 ΠΑΠ  |p 005400022455  |q 005400022455  |t BK  |y 0 
901 |a BIBL4-2005-2 
909 |a Ρ  |b 122292 
970 |a ΣΙΔΕΡΗ  |b ΝΕΚΤΑΡΙΑ  |z 2005/08/26